| 000 | 00503nam a2200181Ia 4500 | ||
|---|---|---|---|
| 008 | 230711s9999||||xx |||||||||||||| ||und|| | ||
| 020 | _a978-1-1380-4929-1 | ||
| 041 | _aENG | ||
| 082 |
_a621.31042 _bVE-P |
||
| 100 | _aVedam, R.Sastry | ||
| 245 | 0 | _aPower Quality : VAR Compensation in Power Systems | |
| 250 | _a1st Reprint Ed. | ||
| 260 |
_c2017 _aNew Delhi _bCRC Press Taylor & Francis Group |
||
| 300 | _a283p. | ||
| 650 | _aElectrical Engineering | ||
| 700 | _aSarma, Mulukutla S | ||
| 942 | _cBK | ||
| 999 |
_c6959 _d6959 |
||